Hodnotenie efektivity vybraných komerčných bánk v SR (DEA prístup) bakalárska práca

Guardado en:
Detalles Bibliográficos
Autor principal: Baumgartner, Filip
Autor Corporativo: Národohospodárska fakulta EU. Katedra bankovníctva a medzinárodných financií
Otros Autores: Gernát, Peter
Formato: Libro
Lenguaje:eslovaco
Publicado: Bratislava 2019
Etiquetas: Agregar Etiqueta
Sin Etiquetas, Sea el primero en etiquetar este registro!

MARC

LEADER 00000nbm a2200000 4500
001 0256472
005 20190729121959.3
041 0 |a slo 
044 |a SK 
245 1 0 |a Hodnotenie efektivity vybraných komerčných bánk v SR (DEA prístup)  |b bakalárska práca  |c Filip Baumgartner ; školiteľ: Peter Gernát 
264 1 |a Bratislava  |c 2019 
300 |a 77 s. 
100 1 |a Baumgartner, Filip 
700 1 |a Gernát, Peter 
710 2 |a Národohospodárska fakulta EU. Katedra bankovníctva a medzinárodných financií